AH International Schools' Libraries

The Restaurant of Lost Recipes / (Record no. 49471)

MARC details
000 -LEADER
fixed length control field 01859nam a2200157 4500
020 ## - INTERNATIONAL STANDARD BOOK NUMBER
International Standard Book Number 9781035009640
100 ## - MAIN ENTRY--PERSONAL NAME
Personal name Kashiwai, Hisashi,
Relator term author.
9 (RLIN) 86638
245 ## - TITLE STATEMENT
Title The Restaurant of Lost Recipes /
Statement of responsibility, etc by Hisashi Kashiwai, transalted by Jesse Kirkwood.
260 ## - PUBLICATION, DISTRIBUTION, ETC. (IMPRINT)
Place of publication, distribution, etc London ;
Name of publisher, distributor, etc Pan Books :
Date of publication, distribution, etc 3 April 2025.
300 ## - PHYSICAL DESCRIPTION
Extent 224 pages.
Dimensions 13.1 x 1.5 x 19.8 cm.
490 ## - SERIES STATEMENT
Series statement A Kamogawa Food Detectives Novel :
Volume number/sequential designation 2 of 3
500 ## - GENERAL NOTE
General note The Restaurant of Lost Recipes, translated from Japanese by Jesse Kirkwood, is the second book in the bestselling, mouth-watering Japanese sleuthing series for fans of Before the Coffee Gets Cold, and follows on from The Kamogawa Food Detectives. This edition includes an exclusive letter from the author, Hisashi Kashiwai.<br/><br/>Tucked away down a Kyoto backstreet lies the extraordinary Kamogawa Diner. Running this unique establishment are a father-daughter duo who serve more than just mouth-watering feasts.<br/><br/>The pair have reinvented themselves as 'food detectives', offering a service that goes beyond traditional dining. Through their culinary sleuthing, they reconstruct beloved dishes from the memories of their customers, creating a connection to cherished moments from the past.<br/><br/>Among those who seek an appointment is a one-hit wonder pop star, finally ready to leave Tokyo and give up on her singing career. She wants to try the tempura that she once ate to celebrate her only successful record. Another diner is a budding Olympic swimmer, who desires the bento lunch box that his estranged father used to make him.<br/><br/>The Kamogawa Diner doesn't just serve meals – it revives lost recipes and rekindles forgotten memories. It's a doorway to the past through the miracle of delicious food.
650 ## - SUBJECT ADDED ENTRY--TOPICAL TERM
9 (RLIN) 78732
Topical term or geographic name as entry element Detective and mystery and detective stories.
650 ## - SUBJECT ADDED ENTRY--TOPICAL TERM
9 (RLIN) 38337
Topical term or geographic name as entry element Restaurants
Form subdivision Fiction.
942 ## - ADDED ENTRY ELEMENTS (KOHA)
Source of classification or shelving scheme
Koha item type Book
Holdings
Withdrawn status Lost status Source of classification or shelving scheme Damaged status Not for loan Home library Current library Date acquired Total Checkouts Full call number Barcode Date last seen Date checked out Price effective from Koha item type
          Logos International School Logos International School 09/01/2025 7 Y FIC HIS JAP 042949 03/06/2026 02/27/2026 09/01/2025 Book

For any Logos Library related questions please contact Miss Art at swongnarasuk@asianhope.org.

For any Asian Hope Library related questions please contact Miss Raza at graza@asianhope.org.

Powered by Koha